| 000 | 01427nam a2200325 i 4500 | ||
|---|---|---|---|
| 001 | 000016051 | ||
| 003 | DO-SdBNP | ||
| 005 | 20250616143056.0 | ||
| 007 | ta | ||
| 008 | 250616s2003 dr 001 0 spa d | ||
| 040 |
_aDO-SdBNP _bspa _cBNPHU _erda |
||
| 041 | _hspa | ||
| 082 | 4 |
_a347.013 _bR426L _222 |
|
| 110 | 1 |
_aRepública Dominicana. _bProcuraduría General de la República _932241 |
|
| 240 | 1 | 0 | _a[Leyes, etc.] |
| 245 | 1 | 0 | _aLey No. 821 de organización judicial y sus modificaciones del 21 de noviembre de 1927, G.O No. 3921 |
| 264 |
_aSanto Domingo : _bEditora no identificada, _c2003 |
||
| 300 |
_a107 páginas ; _c21 cm. |
||
| 336 |
_ardacontent _btexto _2txt |
||
| 337 |
_ardamedia _bsin mediación _2n |
||
| 338 |
_ardacarrier _bvolumen _2nc |
||
| 500 | _aIncluye las de la ley No. 50-00 que modifica los literales a) y b) del párrafo 1 del articulo 1 de la ley No. 248 del 1981, que modificó la ley de organización judicial No. 821 del año 1927. Ley No. 141-02 que crea la corte de apelación de Santo Domingo y varios tribunales en la provincias Santiago y Santo Domingo promulgada el 29 de septiembre del 2002 G.O. 10172 | ||
| 590 | _aInventariado, 2025/DG | ||
| 650 | 4 |
_aLegislacion judicial _930795 |
|
| 650 | 4 |
_aPoder judicial _xLegislación _930796 |
|
| 651 | 4 |
_aRepública Dominicana _xLeyes _916541 |
|
| 651 | 4 |
_aRepública Dominicana _xLey 821-27 _930797 |
|
| 910 | _aDG | ||
| 942 |
_2ddc _cLBS1 |
||
| 999 |
_c59297 _d59297 |
||